عرض عادي
عرض مارك
- WordPress (Electronic resource)
مدخل عنوان موحد
001 - رقم الضبط
- حقل الضبط: 41378
003 - معرف رقم الضبط
- حقل الضبط: OSt
005 - تاريخ ووقت أخر عملية
- حقل الضبط: 20140105180255.0
008 - عناصر بيانات ثابتة الطول
- حقل تحكم ثابت الطول: 140105|||a|||||| | ||| d
040 ## - مصدر الفهرسة
- هيئة الفهرسة الأصلية: OSt
- وكالة الكتابة: OSt
130 ## - مدخل -- اسم مؤتمر
- العنوان الموحد: WordPress (Electronic resource)
670 ## - بيانات المصدر موجوده
- الاستشهاد بالمصدر: Work cat.: (OSt)0: Williams, Brad, author. 41377, Professional WordPress :
